Synthesis & Characterization and Dielectric studies of Metal Doped ZnO Nanoparticles / (Record no. 534212)

000 -LEADER
fixed length control field 00540nam a22001577a 4500
020 ## - INTERNATIONAL STANDARD BOOK NUMBER
Qualifying information Hard Cover.
082 ## - DEWEY DECIMAL CLASSIFICATION NUMBER
Classification number 620.5
100 ## - MAIN ENTRY--PERSONAL NAME
Personal name Ali, Usman
245 ## - TITLE STATEMENT
Title Synthesis & Characterization and Dielectric studies of Metal Doped ZnO Nanoparticles /
Statement of responsibility, etc. Usman Ali.
260 ## - PUBLICATION, DISTRIBUTION, ETC.
Place of publication, distribution, etc. Islamabad :
Name of publisher, distributor, etc. SCME - NUST,
Date of publication, distribution, etc. 2016.
300 ## - PHYSICAL DESCRIPTION
Extent xii, 80 p. : ill. ;
Dimensions 30cm.
942 ## - ADDED ENTRY ELEMENTS (KOHA)
Source of classification or shelving scheme
Koha item type Thesis
650 ## - SUBJECT ADDED ENTRY--TOPICAL TERM
Topical term or geographic name entry element Nano Sciences and Engineering MS-Thesis.
700 ## - ADDED ENTRY--PERSONAL NAME
Personal name Dr. Muhammd Israr Qadir.
650 ## - SUBJECT ADDED ENTRY--TOPICAL TERM
-- 28363
700 ## - ADDED ENTRY--PERSONAL NAME
-- 28364
Holdings
Withdrawn status Lost status Source of classification or shelving scheme Damaged status Not for loan Permanent Location Current Location Shelving location Date acquired Total Checkouts Full call number Barcode Date last seen Price effective from Koha item type
          Central Library (CL) Central Library (CL) Thesis 02/08/2020   620.5 CL-T-5003 02/08/2020 02/08/2020 Thesis
© 2023 Central Library, National University of Sciences and Technology. All Rights Reserved.